NCAA "Power Five" Cities Map Quiz - Statistics

General Stats
  • This quiz has been taken 297 times
  • The average score is 40 of 61
Answers on the Map
Answers color-coded by a green-red scale on the quiz's map according to % correct below.
 
Answer Stats
Answer % Correct
Washington State
90%
UCLA
USC
85%
Utah
85%
Colorado
83%
Washington
83%
California
Stanford
80%
Oregon
80%
Arizona
79%
Ohio State
78%
Arkansas
77%
Nebraska
76%
Boston College
75%
Minnesota
75%
Syracuse
75%
Wisconsin
74%
Missouri
73%
Illinois
72%
Maryland
72%
Rutgers
72%
Tennessee
72%
Michigan
71%
Penn State
71%
Louisiana State
70%
Miami
70%
Pittsburgh
70%
Alabama
69%
Clemson
69%
Florida
69%
Louisville
68%
Duke
NC State
North Carolina
67%
Florida State
67%
Iowa
67%
West Virginia
67%
Kansas State
66%
Virginia Tech
65%
Georgia Tech
64%
Indiana
64%
Northwestern
64%
Oklahoma State
64%
Virginia
64%
Oklahoma
62%
Vanderbilt
62%
Kentucky
60%
Mississippi
60%
Notre Dame
60%
South Carolina
60%
Georgia
56%
Michigan State
56%
Texas Tech
56%
Auburn
54%
Kansas
54%
Texas A&M
53%
Arizona State
52%
TCU
52%
Baylor
51%
Texas
49%
Purdue
48%
Wake Forest
44%
Iowa State
43%
Oregon State
41%
Mississippi State
35%
No matching quizzes found
Score Distribution
Percent of People with Each Score
Percentile by Number Answered
Your Score History
You have not taken this quiz